|
|
|
|
| LEADER |
01282nem a2200349 a 4500 |
| 001 |
000764729 |
| 003 |
CZ BrMZK |
| 005 |
20160124165535.0 |
| 007 |
aj^canzn |
| 008 |
050224s2004 xr |||||||a r00|||cze d |
| 015 |
|
|
|a cnb001413030
|
| 020 |
|
|
|a 80-7075-620-9
|q (složeno)
|
| 034 |
1 |
|
|a a
|b 25000
|
| 040 |
|
|
|a BOA001
|b cze
|
| 043 |
|
|
|a e-xr---
|b e-xr-ol
|2 czenas
|
| 072 |
|
7 |
|a 912
|x Mapy. Atlasy. Glóby
|9 7
|2 Konspekt
|
| 080 |
|
|
|a 55
|2 MRF
|
| 080 |
|
|
|a 912.43:55
|2 MRF
|
| 080 |
|
|
|a (437.325)
|2 MRF
|
| 080 |
|
|
|a (084.3)
|2 MRF
|
| 245 |
0 |
0 |
|a Základní geologická mapa České republiky 1:25 000
|h [kartografický dokument].
|n 14-242,
|p Bělá pod Pradědem
|
| 246 |
3 |
0 |
|a Bělá pod Pradědem
|
| 250 |
|
|
|a Vyd. 1.
|
| 260 |
|
|
|a Praha :
|b Česká geologická služba,
|c 2004
|
| 300 |
|
|
|a 1 mapa :
|b barev. ;
|c 38 x 48 cm složená na 30 x 21 cm v plastovém obalu +
|e Vysvětlivky (68 s., 4 s. obr. příl. ; obsahuje bibliografii)
|
| 650 |
0 |
7 |
|a geologie
|7 ph114622
|z Česko
|2 czenas
|
| 651 |
|
4 |
|a Bělá pod Pradědem (Česko : oblast)
|7 ge730418
|
| 655 |
|
7 |
|a geologické mapy
|7 fd132402
|2 czenas
|
| 910 |
|
|
|a BOA001
|b Mp4-1148.627
|
| 990 |
|
|
|a MP
|
| 991 |
|
|
|b 200505
|c NOV
|
| 996 |
6 |
|
|b 2610246190
|c Mp4-1148.627
|l MZK
|r Sklad / do 1 hodiny
|n 0
|p p.v.
|w 000764729
|u 000010
|a 1
|e BOA001
|j MZK50
|s P
|